000 00407nam a2200145Ia 4500
008 231129s1997||||xx |||||||||||||| ||spa||
020 _a958-638-237-0
040 _bspa
082 _a868.34 J91c
100 _aSan Juan de la Cruz seudónimo 1542-1591
245 0 _aSan Juan de la Cruz
260 _c1997
264 _aBogotá Colombia : Colina
942 _2ddc
_cBKS
999 _c24296
_d24296